000 00492nam a2200181Ia 4500
005 20250326141642.0
008 250326s9999 xx 000 0 und d
037 _aTextbook
040 _aFMSL
_beng
_cFMSL
041 _aeng
_2eng
084 _qFMSL
100 _aPurohit Y S
_9445690
245 0 _aIndustrilising economy and labours market in India
_cPurohit Y S
260 _aNew Delhi
_bNew Delhi, Mittal Pub.
_c1989
300 _a342p
942 _cTB
999 _c1291321
_d1291321